| 000 | 00657cam a22001934a 4500 | ||
|---|---|---|---|
| 020 | _a0125241704 | ||
| 040 | _cDLC | ||
| 082 | _a577 ACA 2000 A059 Or. | ||
| 100 | 1 | _aOdum, Howard T. | |
| 245 | 1 | 0 |
_aModeling for all scales : _ban introduction to system simulation / |
| 260 |
_aSan Diego : _bAcademic Press, _cc2000. |
||
| 300 |
_axx, 458 p. : _bill. ; _c26 cm. + _e1 computer optical disc (4 3/4 in.) |
||
| 650 | 0 | _aComputer simulation. | |
| 650 | 0 | _aSystem analysis. | |
| 700 | 1 | _aOdum, Elisabeth C. | |
| 856 | 4 | 1 | _uhttp://www.loc.gov/catdir/toc/els033/99064627.html |
| 856 | 4 | 2 | _uhttp://www.loc.gov/catdir/description/els033/99064627.html |
| 942 | _cEK | ||
| 999 |
_c14771 _d14771 |
||